Statistiques concernant Culture Générale - Série 1121

Cliquez ici pour prendre le quiz!

Statistiques générales

  • Ce quiz a été pris 36 fois
  • Le résultat moyen est 6 sur 10

Statistiques - réponses

Question Réponse % Correct
Aux États-Unis, le scandale du Watergate, en 1973, débouche sur la démission du président :Richard Nixon
94%
En quelle année le mur de Berlin est-il tombé ?1989
91%
Dans quel pays le commandant Massoud s’opposa-t-il aux talibans ?Afghanistan
86%
Quel homme politique eut ces mots célèbres pour désigner les événements de mai 1968 : « La réforme oui, la chienlit non » ?Charles de Gaulle
80%
A quel chancelier doit-on la réunification de l'Allemagne ?Helmut Kohl
63%
Les Chemises noires étaient le nom donné à la milice de :Benito Mussolini
54%
À la tête du mouvement du 22 mars, le groupe d’étudiants gauchistes leader du soulèvement de mai 1968, se trouve Daniel Cohn-Bendit, surnommé :Dany le rouge
46%
Avant le putsch de 1973 du général Augusto Pinochet, le Chili était dirigé par :Salvador Allende
40%
Le Lider Maximo désigne :Fidel Castro
34%
De 1999 à 2008, de quel pays Thabo Mbeki était-il le président de la République ?Afrique du Sud
11%

Distribution des résultats

Percentile par nombre de réponses

% des personnes avec chaque résultat

Votre développement - résultats

Vous n’avez pas pris ce quiz